Expressions françaises avec des vêtements - Statistiques

Statistiques générales
  • Ce quiz a été pris 842 fois
  • Le résultat moyen est 14 sur 20
Statistiques - réponses
Expressions Réponse % Correct
Se faire remonter les ... Bretelles
98%
Ca lui va comme un ... Gant
95%
Retourner sa ... Veste
95%
Trouver ... à son pied Chaussure
94%
En avoir ras la ... Casquette
93%
(Mendier) Faire la ... Manche
91%
Baisser son ... Pantalon
86%
(Mauvais café) Jus de ... Chaussette
84%
Etre comme cul et ... Chemise
81%
Etre tendu comme un ... String
81%
Etre un lèche ... Bottes
79%
Se serrer la ... Ceinture
75%
Ne pas quitter quelqu'un d'une ... Semelle
74%
Tirer son ... Chapeau
63%
(Démissionner) Rendre son ... Tablier
57%
Vendre sous le ... Manteau
55%
C'est blanc ... et ... blanc Bonnet
39%
(Rire intérieurement) Rire sous ... Cape
24%
S'en jeter un derrière la ... Cravate
23%
Se hausser du ... Col
22%
Aucun quiz correspondant
Distribution des résultats
% des personnes avec chaque résultat
Percentile par nombre de réponses
Votre historique - résultats
Vous n’avez pas pris ce quiz